| 000 | 02010cam a2200313 i 4500 | ||
|---|---|---|---|
| 001 | 122349 | ||
| 005 | 20230410101949.0 | ||
| 008 | 160419b2015 dr a 000 0 spa | ||
| 020 | _a9789945587074 | ||
| 041 | 0 | _aesp | |
| 050 | 1 | 4 |
_a118 F 1938.58 _bA185m 2015 |
| 082 | 0 | 0 | _a972.93054 |
| 100 | 1 |
_aAcosta Matos, Eliades, _d1959- |
|
| 245 | 1 | 0 |
_a1963 : de la guerra mediática al golpe de Estado / _cEliades Acosta Matos ; edición: Irene Hernández |
| 246 | _aMil novecientos sesenta y tres : de la guerra mediática al golpe de Estado. | ||
| 260 |
_aSanto Domingo : _bEdiciones Fundación Juan Bosch, _c2015. |
||
| 300 |
_a655 p. : _bil. ; _c23 cm. |
||
| 505 | 0 | _aCapítulo I: Guerra fría y medios calientes, p.11 -- Capítulo II: "[...] cuidado con alejarse demasiado", p.65 -- Capítulo III: Castigando con mano dura la insolencia, p.113 -- Capítulo IV: La utopía desde arriba, p.147 -- Capítulo V: Un diciembre decisivo y otros frentes ideológicos, p.211 -- Capítulo VI: El hombre de la calle y un agitada transición, p.257 -- Capítulo VII: La alertas rojas, p.299 -- Capítulo VIII: "!Téngase miedo, Sr. Presidente!", p.339 -- Capítulo IX: La aplanadora y la cultivadora, p.383 -- Capítulo X: Miedo a la colectilla fantasma, p.423 -- Capítulo XI: "Una prensa libre, honesta y responsable...", p.465 -- Capítulo XII: Las revoluciones no son obra de Mickey Mouse, p.501 -- Capítulo XIII: "[...] Los hombres de Prensa Libre dimos la batalla y la hemos ganado [...]", p.545. | |
| 600 | 1 | 0 | _aBosch Juan 1909-2001 - Presidente |
| 650 | 4 |
_aPresidentes _zRepública Dominicana _vBiografía. |
|
| 650 | 4 | _a20160600. | |
| 651 | 4 |
_aRepública Dominicana _xHistoria _ySiglo XX |
|
| 651 | 4 |
_aRepública Dominicana _xPolítica y gobierno. |
|
| 651 | 4 |
_aRepública Dominicana _xHistoria _y1963. |
|
| 651 | 4 |
_aRepública Dominicana _xHistoria _xGolpe de Estado de 1963. |
|
| 651 |
_aRepública Dominicana _xHistoria - Revolución de 1965. |
||
| 700 | 1 |
_aHernández, Irene, _eed. |
|
| 942 |
_2lcc _cbk |
||
| 999 |
_c16525 _d16525 |
||